| 000 | 00481nam a2200193Ia 4500 | ||
|---|---|---|---|
| 005 | 20231004103920.0 | ||
| 008 | 131103s9999 xx 000 0 und d | ||
| 040 | _aLoreto College | ||
| 041 | _aEnglish | ||
| 082 |
_a294.5924 _bBHA |
||
| 100 | _aChinmayananda, Swami | ||
| 245 |
_aBhagavad Geeta _cSwami Chinmayananda |
||
| 260 |
_aNew delhi _bSheila puri _c[19?] |
||
| 300 | _aCh.(1-5) | ||
| 650 | _aReligion | ||
| 651 | _aHindu-Religion | ||
| 850 | _aLCLIB | ||
| 942 | _cBK | ||
| 999 |
_c23139 _d73618 |
||